00542nam a2200157 a 450000100100000000500170001000800410002704000250006810000300009324500540012326000550017730000200023204900100025295201050026299900170036700003075820200930062507.0110527s20uu dr 000 0 spa d aDO-SdBNPbspacBNPHU1 aSchwarts, Federico95732413aEl corazón del comunismo /cFederico Schowarts. aSanto Domingo :bEditorial Mundo Hispano,c[200?]. a32 p. ;c18 cm. aBNPD. 0010718PDaPDbPDcCTd2011-05-27iLF1l0o p30758-10r2020-06-25w2020-06-25yLFPDZNo se presta c30250d30250